MICE rendezvények a margitszigeti Ensana Thermal és Grand szállodákban
| Szerző: | |
|---|---|
| További közreműködők: | |
| Dokumentumtípus: | Projektmunka |
| Kulcsszavak: | értékesítés konferencia rendezvények rendezvényszervezés szállodaipar |
| Online Access: | http://dolgozattar.uni-bge.hu/59668 |
MARC
| LEADER | 00000nnm a2200000 i 4500 | ||
|---|---|---|---|
| 001 | dolg59668 | ||
| 005 | 20260409145408.0 | ||
| 008 | 260409suuuu hu o 000 hun d | ||
| 040 | |a BGE Dolgozattár Repozitórium |b hun | ||
| 041 | |a hu | ||
| 100 | 1 | |a Togya Rebeka Bianka | |
| 245 | 1 | 0 | |a MICE rendezvények a margitszigeti Ensana Thermal és Grand szállodákban |c Togya Rebeka Bianka |h [elektronikus dokumentum] |
| 516 | |a Project_work | ||
| 520 | 3 | |a A projektmunkám a szállodai rendezvényszervezésről szól, melyben bemutatom a rendezvényszervezés témában tanultakat. A margitszigeti szállodák történetéről és tevékenységeiről írok. Megemlítem a fontos lépeseit amelyet alkalmaznunk kell a sikeres rendezvényhez. Budapest rendezvény- és konferenciaturizmusa is bemutatásra kerül, melyben a COVID-19 járvány utáni felépülése is említésre kerül, hiszen Budapest rengeteg új szállodával büszkélkedhet. A szálloda saját számadatai is a birtokomba kerültek, így ezekből különböző elemzéseket készítek. Primer kutatást végzek a kollégáim körében. | |
| 695 | |a értékesítés | ||
| 695 | |a konferencia | ||
| 695 | |a rendezvények | ||
| 695 | |a rendezvényszervezés | ||
| 695 | |a szállodaipar | ||
| 700 | 1 | |a Horváth Vanda |e ths | |
| 856 | 4 | 0 | |u http://dolgozattar.uni-bge.hu/59668/1/TogyaRebekaBianka_ve%CC%81gleges_projektmunka.pdf |z Dokumentum-elérés |
| 856 | 4 | 0 | |u http://dolgozattar.uni-bge.hu/59668/2/B%C3%ADr%C3%A1lati%20lap_FOSZK_TogyaRebeka_HV.pdf |z Dokumentum-elérés |